[Event "Irena Warakomska Memorial 2019"]
[Site "Suwalki"]
[Date "2019.08.06"]
[Round "2"]
[White "Szadkowski, Kamil"]
[Black "Luba, Lukasz"]
[Result "1-0"]
[Board "38"]
[WhiteElo "2245"]
[WhiteTitle "FM"]
[WhiteCountry "POL"]
[WhiteFideId "1123203"]
[WhiteEloChange "7"]
[BlackElo "2130"]
[BlackCountry "POL"]
[BlackFideId "1117289"]
[BlackEloChange "-7"]

1. e4 {[%clk 1:30:51]} e6 {[%clk 1:29:32]} 2. d4 {[%clk 1:31:15]} d5 {[%clk
1:29:57]} 3. Nc3 {[%clk 1:31:32]} Nf6 {[%clk 1:29:48]} 4. Bg5 {[%clk 1:31:15]}
Be7 {[%clk 1:30:11]} 5. e5 {[%clk 1:31:39]} Nfd7 {[%clk 1:30:35]} 6. h4 {[%clk
1:31:59]} Bxg5 {[%clk 1:27:49]} 7. hxg5 {[%clk 1:32:06]} Qxg5 {[%clk 1:27:59]} 8.
Qd3 {[%clk 1:32:23]} Nf8 {[%clk 1:26:12]} 9. Nh3 {[%clk 1:32:19]} Qe7 {[%clk
1:23:50]} 10. Nf4 {[%clk 1:31:42]} c6 {[%clk 1:23:23]} 11. Qg3 {[%clk 1:29:51]}
g6 {[%clk 1:15:01]} 12. Rh6 {[%clk 1:27:04]} Nbd7 {[%clk 1:15:04]} 13. O-O-O
{[%clk 1:27:23]} b6 {[%clk 1:15:02]} 14. Be2 {[%clk 1:17:39]} Bb7 {[%clk
1:07:01]} 15. Rdh1 {[%clk 1:12:50]} O-O-O {[%clk 1:07:02]} 16. Nh3 {[%clk
1:12:27]} f6 {[%clk 1:07:24]} 17. f4 {[%clk 1:07:19]} a6 {[%clk 1:03:55]} 18. Nd1
{[%clk 0:53:29]} c5 {[%clk 1:01:01]} 19. c3 {[%clk 0:50:59]} b5 {[%clk 1:01:25]}
20. Kb1 {[%clk 0:51:02]} c4 {[%clk 1:00:40]} 21. Ne3 {[%clk 0:47:01]} f5 {[%clk
0:58:42]} 22. Ng5 {[%clk 0:44:28]} Nb8 {[%clk 0:59:03]} 23. Qh4 {[%clk 0:39:06]}
Rd7 {[%clk 0:59:31]} 24. g4 {[%clk 0:39:29]} Nc6 {[%clk 0:59:38]} 25. Nxe6 {[%clk
0:37:48]} Nxe6 {[%clk 0:43:52]} 26. gxf5 {[%clk 0:36:20]} Ncxd4 {[%clk 0:28:00]}
27. cxd4 {[%clk 0:32:20]} Nxd4 {[%clk 0:27:43]} 28. Qxe7 {[%clk 0:31:41]} Rxe7
{[%clk 0:28:06]} 29. fxg6 {[%clk 0:20:40]} Nxe2 {[%clk 0:28:17]} 30. Nf5 {[%clk
0:21:05]} Rd7 {[%clk 0:24:23]} 31. Rxh7 {[%clk 0:17:30]} Rhd8 {[%clk 0:24:17]}
32. e6 {[%clk 0:16:32]} Rxh7 {[%clk 0:23:52]} 33. gxh7 {[%clk 0:16:46]} Rh8
{[%clk 0:24:16]} 34. Ne7+ {[%clk 0:13:55]} Kc7 {[%clk 0:24:01]} 35. Ng6 {[%clk
0:14:21]} d4 {[%clk 0:24:27]} 36. Nxh8 {[%clk 0:14:47]} Bxh1 {[%clk 0:24:47]} 37.
Ng6 {[%clk 0:15:14]} Be4+ {[%clk 0:25:02]} 38. Ka1 {[%clk 0:15:40]} d3 {[%clk
0:24:59]} 39. h8Q {[%clk 0:15:47]} d2 {[%clk 0:25:02]} 40. Qe5+ {[%clk 0:45:27]}
Kc8 {[%clk 0:55:23]} 41. Ne7+ {[%clk 0:45:32]} 1-0

[Event "Irena Warakomska Memorial 2019"]
[Site "Suwalki"]
[Date "2019.08.06"]
[Round "2"]
[White "Bukojemski, Adam"]
[Black "Bommini Mounika Akshaya"]
[Result "1/2-1/2"]
[Board "44"]
[WhiteElo "2225"]
[WhiteCountry "POL"]
[WhiteFideId "1114620"]
[WhiteEloChange "-5"]
[BlackElo "2050"]
[BlackTitle "WFM"]
[BlackCountry "IND"]
[BlackFideId "25019872"]
[BlackEloChange "5"]

1. e4 {[%clk 1:30:58]} e5 {[%clk 1:30:52]} 2. Nf3 {[%clk 1:31:18]} Nc6 {[%clk
1:31:17]} 3. Bc4 {[%clk 1:31:36]} Nf6 {[%clk 1:31:41]} 4. d3 {[%clk 1:31:59]} Be7
{[%clk 1:32:06]} 5. O-O {[%clk 1:31:28]} O-O {[%clk 1:32:28]} 6. Re1 {[%clk
1:31:28]} d6 {[%clk 1:32:50]} 7. a4 {[%clk 1:31:47]} Na5 {[%clk 1:33:04]} 8. Ba2
{[%clk 1:32:01]} c5 {[%clk 1:33:28]} 9. Nbd2 {[%clk 1:31:49]} Nc6 {[%clk
1:33:22]} 10. c3 {[%clk 1:31:43]} Be6 {[%clk 1:24:48]} 11. Nf1 {[%clk 1:30:57]}
h6 {[%clk 1:14:30]} 12. Ng3 {[%clk 1:28:30]} Re8 {[%clk 1:13:07]} 13. Bb1 {[%clk
0:56:06]} Bf8 {[%clk 1:10:37]} 14. d4 {[%clk 0:55:12]} cxd4 {[%clk 1:10:18]} 15.
cxd4 {[%clk 0:55:34]} Bg4 {[%clk 1:08:21]} 16. d5 {[%clk 0:55:14]} Nd4 {[%clk
1:02:52]} 17. Be3 {[%clk 0:55:12]} Nxf3+ {[%clk 1:01:53]} 18. gxf3 {[%clk
0:55:40]} Bh3 {[%clk 1:01:43]} 19. Kh1 {[%clk 0:51:43]} g6 {[%clk 0:57:38]} 20.
a5 {[%clk 0:51:41]} h5 {[%clk 0:46:55]} 21. Rg1 {[%clk 0:50:36]} Kh7 {[%clk
0:44:58]} 22. Ne2 {[%clk 0:31:04]} Be7 {[%clk 0:33:01]} 23. Qb3 {[%clk 0:28:29]}
Qd7 {[%clk 0:25:54]} 24. Bd3 {[%clk 0:28:40]} a6 {[%clk 0:24:13]} 25. Ra4 {[%clk
0:26:12]} Rac8 {[%clk 0:21:25]} 26. Rb4 {[%clk 0:26:04]} Rc7 {[%clk 0:21:40]} 27.
Bb6 {[%clk 0:20:22]} Rcc8 {[%clk 0:22:04]} 28. Be3 {[%clk 0:18:39]} Rc7 {[%clk
0:22:29]} 29. Rc1 {[%clk 0:15:32]} Rec8 {[%clk 0:20:37]} 30. Rxc7 {[%clk
0:15:31]} Rxc7 {[%clk 0:20:43]} 31. Nc3 {[%clk 0:15:47]} h4 {[%clk 0:17:39]} 32.
Qa4 {[%clk 0:10:47]} Qxa4 {[%clk 0:13:40]} 33. Nxa4 {[%clk 0:10:30]} Nh5 {[%clk
0:08:55]} 34. Rc4 {[%clk 0:07:26]} Rxc4 {[%clk 0:08:25]} 35. Bxc4 {[%clk
0:07:55]} g5 {[%clk 0:07:55]} 36. b4 {[%clk 0:06:55]} Nf4 {[%clk 0:05:23]} 37.
Kg1 {[%clk 0:02:20]} Bd7 {[%clk 0:01:57]} 38. Nb6 {[%clk 0:02:48]} Be8 {[%clk
0:01:58]} 39. Nc8 {[%clk 0:02:57]} Bf8 {[%clk 0:02:20]} 40. Na7 {[%clk 0:32:44]}
Kg6 {[%clk 0:31:10]} 41. Bb6 {[%clk 0:23:26]} Ba4 {[%clk 0:20:07]} 42. b5 {[%clk
0:14:49]} axb5 {[%clk 0:19:31]} 43. Bxb5 {[%clk 0:11:07]} Bd1 {[%clk 0:18:53]}
44. Be3 {[%clk 0:08:01]} Bxf3 {[%clk 0:06:18]} 45. Bxf4 {[%clk 0:07:44]} gxf4
{[%clk 0:04:34]} 46. Bc6 {[%clk 0:07:50]} bxc6 {[%clk 0:04:23]} 47. dxc6 {[%clk
0:08:18]} Bxe4 {[%clk 0:04:41]} 48. c7 {[%clk 0:07:54]} Bb7 {[%clk 0:05:07]} 49.
c8Q {[%clk 0:07:40]} Bxc8 {[%clk 0:05:33]} 50. Nxc8 {[%clk 0:08:06]} d5 {[%clk
0:05:54]} 51. a6 {[%clk 0:07:17]} Bc5 {[%clk 0:06:18]} 52. a7 {[%clk 0:06:52]}
Bxa7 {[%clk 0:06:43]} 53. Nxa7 {[%clk 0:07:20]} Kf5 {[%clk 0:06:44]} 54. f3
{[%clk 0:05:58]} Ke6 {[%clk 0:05:13]} 55. Nb5 {[%clk 0:05:02]} Kd7 {[%clk
0:05:21]} 56. Kf2 {[%clk 0:03:48]} Kc6 {[%clk 0:05:45]} 57. Na3 {[%clk 0:03:52]}
h3 {[%clk 0:03:28]} 58. Ke2 {[%clk 0:04:08]} Kc5 {[%clk 0:03:44]} 59. Kd3 {[%clk
0:04:19]} f5 {[%clk 0:04:01]} 60. Nc2 {[%clk 0:02:57]} d4 {[%clk 0:03:25]} 61.
Na1 {[%clk 0:02:02]} Kd5 {[%clk 0:03:37]} 62. Nb3 {[%clk 0:02:16]} e4+ {[%clk
0:03:45]} 63. Kd2 {[%clk 0:01:45]} Kc4 {[%clk 0:02:09]} 64. Na5+ {[%clk 0:02:08]}
Kd5 {[%clk 0:00:47]} 65. Nb3 {[%clk 0:02:33]} Kc4 {[%clk 0:01:01]} 66. Na5+
{[%clk 0:03:02]} Kd5 {[%clk 0:00:41]} 67. Nb3 {[%clk 0:03:30]} Kc4 {[%clk
0:00:47]} 1/2-1/2

[Event "Irena Warakomska Memorial 2019"]
[Site "Suwalki"]
[Date "2019.08.07"]
[Round "3"]
[White "Galperin, Platon"]
[Black "Grib, Roman"]
[Result "1/2-1/2"]
[Board "2"]
[WhiteElo "2459"]
[WhiteCountry "UKR"]
[WhiteFideId "14165414"]
[WhiteEloChange "-1"]
[BlackElo "2413"]
[BlackTitle "IM"]
[BlackCountry "BLR"]
[BlackFideId "13506706"]
[BlackEloChange "1"]

1. d4 {[%clk 1:19:52]} Nf6 {[%clk 1:30:42]} 2. c4 {[%clk 1:20:20]} e6 {[%clk
1:30:30]} 3. Nc3 {[%clk 1:20:38]} Bb4 {[%clk 1:30:03]} 4. Qc2 {[%clk 1:21:05]} d5
{[%clk 1:28:36]} 5. cxd5 {[%clk 1:21:30]} exd5 {[%clk 1:28:54]} 6. Bg5 {[%clk
1:21:10]} Nbd7 {[%clk 1:24:26]} 7. e3 {[%clk 1:20:57]} h6 {[%clk 1:22:59]} 8. Bh4
{[%clk 1:21:24]} O-O {[%clk 1:08:24]} 9. Bd3 {[%clk 1:21:22]} c5 {[%clk 1:08:33]}
10. Ne2 {[%clk 1:20:28]} c4 {[%clk 0:54:54]} 11. Bf5 {[%clk 1:19:27]} Nb6 {[%clk
0:55:00]} 12. a3 {[%clk 0:54:35]} Bxc3+ {[%clk 0:52:12]} 13. Nxc3 {[%clk
0:55:01]} Bxf5 {[%clk 0:47:08]} 14. Qxf5 {[%clk 0:55:27]} Qd7 {[%clk 0:47:27]}
15. g4 {[%clk 0:51:00]} Qxf5 {[%clk 0:42:58]} 16. gxf5 {[%clk 0:51:27]} g5 {[%clk
0:42:31]} 17. Bg3 {[%clk 0:41:25]} Ne4 {[%clk 0:38:37]} 18. f3 {[%clk 0:33:51]}
Nxc3 {[%clk 0:20:37]} 19. bxc3 {[%clk 0:34:18]} Rfe8 {[%clk 0:20:46]} 20. Kd2
{[%clk 0:34:27]} Kg7 {[%clk 0:20:58]} 21. Rhe1 {[%clk 0:28:40]} Re7 {[%clk
0:15:34]} 22. e4 {[%clk 0:22:16]} dxe4 {[%clk 0:10:25]} 23. fxe4 {[%clk 0:22:30]}
Rae8 {[%clk 0:10:44]} 24. Re2 {[%clk 0:16:41]} f6 {[%clk 0:04:30]} 25. Rae1
{[%clk 0:17:02]} h5 {[%clk 0:04:05]} 26. h3 {[%clk 0:10:16]} Rf7 {[%clk 0:03:43]}
27. Rb1 {[%clk 0:08:32]} h4 {[%clk 0:02:57]} 28. Bh2 {[%clk 0:08:40]} Kh6 {[%clk
0:03:18]} 29. Rf1 {[%clk 0:07:09]} Kh5 {[%clk 0:03:22]} 30. e5 {[%clk 0:06:56]}
Nd5 {[%clk 0:03:40]} 31. Re4 {[%clk 0:03:55]} b5 {[%clk 0:03:45]} 32. Rg4 {[%clk
0:01:25]} a5 {[%clk 0:03:49]} 33. Rfg1 {[%clk 0:00:52]} Kh6 {[%clk 0:03:15]} 34.
R4g2 {[%clk 0:00:33]} b4 {[%clk 0:01:13]} 35. cxb4 {[%clk 0:00:35]} axb4 {[%clk
0:01:37]} 36. exf6 {[%clk 0:00:31]} Nxf6 {[%clk 0:01:56]} 37. axb4 {[%clk
0:00:45]} Ne4+ {[%clk 0:02:00]} 38. Kc1 {[%clk 0:00:41]} Ra8 {[%clk 0:00:33]} 39.
Re2 {[%clk 0:01:04]} Rxf5 {[%clk 0:00:37]} 40. Kb2 {[%clk 0:30:40]} Ra2+ {[%clk
0:30:43]} 41. Kxa2 {[%clk 0:31:00]} Nc3+ {[%clk 0:31:10]} 42. Kb2 {[%clk
0:28:37]} Nxe2 {[%clk 0:31:34]} 43. Rg2 {[%clk 0:28:49]} Nxd4 {[%clk 0:31:00]}
44. Kc3 {[%clk 0:28:42]} Nc6 {[%clk 0:17:50]} 45. Kxc4 {[%clk 0:28:22]} 1/2-1/2

[Event "Irena Warakomska Memorial 2019"]
[Site "Suwalki"]
[Date "2019.08.07"]
[Round "3"]
[White "Hnydiuk, Aleksander"]
[Black "Caspi, Israel"]
[Result "1/2-1/2"]
[Board "3"]
[WhiteElo "2412"]
[WhiteTitle "IM"]
[WhiteCountry "POL"]
[WhiteFideId "1109057"]
[WhiteEloChange "1"]
[BlackElo "2458"]
[BlackTitle "IM"]
[BlackCountry "ISR"]
[BlackFideId "2807394"]
[BlackEloChange "-1"]

1. Nf3 {[%clk 1:27:29]} Nf6 {[%clk 1:30:49]} 2. c4 {[%clk 1:27:51]} e6 {[%clk
1:31:12]} 3. g3 {[%clk 1:28:17]} d5 {[%clk 1:31:20]} 4. d4 {[%clk 1:28:41]} Be7
{[%clk 1:31:43]} 5. Bg2 {[%clk 1:29:03]} O-O {[%clk 1:32:06]} 6. Qc2 {[%clk
1:28:43]} c5 {[%clk 1:32:17]} 7. O-O {[%clk 1:28:49]} cxd4 {[%clk 1:32:43]} 8.
Nxd4 {[%clk 1:29:09]} e5 {[%clk 1:33:06]} 9. Nf5 {[%clk 1:29:18]} d4 {[%clk
1:33:28]} 10. Nxe7+ {[%clk 1:29:06]} Qxe7 {[%clk 1:33:55]} 11. Bg5 {[%clk
1:29:29]} h6 {[%clk 1:34:17]} 12. Bxf6 {[%clk 1:29:53]} Qxf6 {[%clk 1:34:44]} 13.
Nd2 {[%clk 1:29:30]} Nc6 {[%clk 1:35:09]} 14. c5 {[%clk 1:22:26]} Bf5 {[%clk
1:05:32]} 15. Qb3 {[%clk 1:15:04]} Qe7 {[%clk 1:04:04]} 16. Ne4 {[%clk 1:11:41]}
Be6 {[%clk 0:52:39]} 17. Qb5 {[%clk 1:05:27]} f5 {[%clk 0:50:15]} 18. Nd6 {[%clk
1:05:22]} e4 {[%clk 0:50:39]} 19. Rfd1 {[%clk 0:40:13]} Rab8 {[%clk 0:39:36]} 20.
Qa4 {[%clk 0:39:32]} Qf6 {[%clk 0:37:26]} 21. b4 {[%clk 0:35:35]} a6 {[%clk
0:35:22]} 22. Rab1 {[%clk 0:35:18]} Bd5 {[%clk 0:14:16]} 23. Qc2 {[%clk 0:35:00]}
Qe5 {[%clk 0:11:10]} 24. a4 {[%clk 0:18:41]} b5 {[%clk 0:11:34]} 25. axb5 {[%clk
0:17:46]} axb5 {[%clk 0:11:39]} 26. Qb2 {[%clk 0:14:30]} f4 {[%clk 0:09:06]} 27.
e3 {[%clk 0:14:23]} f3 {[%clk 0:07:32]} 28. Bf1 {[%clk 0:08:48]} d3 {[%clk
0:06:13]} 29. Qxe5 {[%clk 0:05:39]} Nxe5 {[%clk 0:06:37]} 30. Bh3 {[%clk
0:04:47]} g6 {[%clk 0:04:24]} 31. Ra1 {[%clk 0:05:04]} Ra8 {[%clk 0:02:04]} 32.
Nxb5 {[%clk 0:04:39]} Bb3 {[%clk 0:02:01]} 33. Nc3 {[%clk 0:04:06]} g5 {[%clk
0:01:41]} 34. Nxe4 {[%clk 0:03:30]} g4 {[%clk 0:01:21]} 35. Bf1 {[%clk 0:02:24]}
Bxd1 {[%clk 0:01:42]} 36. Rxd1 {[%clk 0:02:52]} Rfb8 {[%clk 0:01:21]} 37. h3
{[%clk 0:01:30]} h5 {[%clk 0:01:08]} 38. Nf6+ {[%clk 0:01:15]} Kf7 {[%clk
0:01:24]} 39. Nxh5 {[%clk 0:01:36]} Rxb4 {[%clk 0:01:39]} 40. Nf4 {[%clk
0:30:45]} d2 {[%clk 0:31:13]} 41. Nd3 {[%clk 0:19:37]} Nxd3 {[%clk 0:27:01]} 42.
Bxd3 {[%clk 0:20:03]} Rb2 {[%clk 0:26:55]} 43. Bf5 {[%clk 0:10:43]} Ra5 {[%clk
0:15:59]} 44. Bxg4 {[%clk 0:10:55]} Rxc5 {[%clk 0:16:23]} 45. Bxf3 {[%clk
0:10:59]} Rc1 {[%clk 0:16:37]} 46. Kg2 {[%clk 0:10:38]} Kf6 {[%clk 0:15:12]} 47.
h4 {[%clk 0:10:11]} Rxd1 {[%clk 0:14:08]} 48. Bxd1 {[%clk 0:10:40]} Rb1 {[%clk
0:14:31]} 49. Bg4 {[%clk 0:09:33]} Re1 {[%clk 0:12:29]} 50. Bf3 {[%clk 0:08:20]}
Kf5 {[%clk 0:07:44]} 51. g4+ {[%clk 0:08:09]} Ke5 {[%clk 0:06:38]} 52. Kg3 {[%clk
0:03:19]} Rg1+ {[%clk 0:05:45]} 53. Kh2 {[%clk 0:03:47]} d1Q {[%clk 0:04:25]} 54.
Bxd1 {[%clk 0:04:15]} Rxd1 {[%clk 0:04:48]} 55. h5 {[%clk 0:03:16]} Ke4 {[%clk
0:04:06]} 56. Kg3 {[%clk 0:03:17]} Rg1+ {[%clk 0:03:15]} 57. Kh4 {[%clk 0:03:35]}
Kf3 {[%clk 0:02:54]} 58. h6 {[%clk 0:03:38]} Rxg4+ {[%clk 0:03:07]} 1/2-1/2

[Event "Irena Warakomska Memorial 2019"]
[Site "Suwalki"]
[Date "2019.08.07"]
[Round "3"]
[White "Kaczmarek, Aleksander"]
[Black "Barski, Radoslaw"]
[Result "1-0"]
[Board "4"]
[WhiteElo "2389"]
[WhiteTitle "FM"]
[WhiteCountry "POL"]
[WhiteFideId "1178385"]
[WhiteEloChange "11"]
[BlackElo "2438"]
[BlackTitle "IM"]
[BlackCountry "POL"]
[BlackFideId "1131710"]
[BlackEloChange "-6"]

1. e4 {[%clk 1:30:27]} c5 {[%clk 1:30:16]} 2. Nf3 {[%clk 1:30:36]} d6 {[%clk
1:30:38]} 3. d4 {[%clk 1:31:01]} cxd4 {[%clk 1:31:01]} 4. Nxd4 {[%clk 1:31:27]}
Nf6 {[%clk 1:31:22]} 5. Nc3 {[%clk 1:31:52]} a6 {[%clk 1:31:50]} 6. Nb3 {[%clk
1:32:17]} g6 {[%clk 1:31:40]} 7. Be2 {[%clk 1:32:42]} Bg7 {[%clk 1:32:04]} 8. O-O
{[%clk 1:33:08]} O-O {[%clk 1:32:17]} 9. Bg5 {[%clk 1:33:26]} Nbd7 {[%clk
1:27:24]} 10. Re1 {[%clk 1:33:43]} b5 {[%clk 1:20:01]} 11. Bf1 {[%clk 1:32:08]}
Bb7 {[%clk 1:20:13]} 12. Rb1 {[%clk 1:20:48]} Rc8 {[%clk 1:13:55]} 13. Nd5 {[%clk
1:07:45]} e6 {[%clk 0:54:03]} 14. Nxf6+ {[%clk 1:02:53]} Nxf6 {[%clk 0:53:55]}
15. c3 {[%clk 0:58:31]} Qc7 {[%clk 0:50:11]} 16. f3 {[%clk 0:47:34]} Rfe8 {[%clk
0:36:58]} 17. Kh1 {[%clk 0:44:51]} h6 {[%clk 0:36:08]} 18. Bh4 {[%clk 0:43:59]}
Nd7 {[%clk 0:34:12]} 19. Bg3 {[%clk 0:39:09]} Ne5 {[%clk 0:34:06]} 20. f4 {[%clk
0:39:13]} Nc4 {[%clk 0:34:18]} 21. Nd2 {[%clk 0:36:02]} f5 {[%clk 0:28:00]} 22.
Bd3 {[%clk 0:32:18]} Qc6 {[%clk 0:14:05]} 23. Nxc4 {[%clk 0:32:10]} bxc4 {[%clk
0:14:30]} 24. Bc2 {[%clk 0:32:36]} Qc5 {[%clk 0:09:48]} 25. Qe2 {[%clk 0:29:18]}
fxe4 {[%clk 0:08:48]} 26. Bxe4 {[%clk 0:29:38]} Bxe4 {[%clk 0:09:14]} 27. Qxe4
{[%clk 0:30:06]} Qf5 {[%clk 0:09:37]} 28. Qb7 {[%clk 0:28:45]} Rb8 {[%clk
0:09:48]} 29. Qf3 {[%clk 0:23:46]} d5 {[%clk 0:08:34]} 30. h3 {[%clk 0:22:25]}
Rb7 {[%clk 0:06:36]} 31. b4 {[%clk 0:15:34]} Rf7 {[%clk 0:05:35]} 32. b5 {[%clk
0:11:23]} axb5 {[%clk 0:06:00]} 33. Rxb5 {[%clk 0:11:47]} g5 {[%clk 0:02:56]} 34.
Rxd5 {[%clk 0:10:33]} exd5 {[%clk 0:03:24]} 35. Rxe8+ {[%clk 0:11:04]} Kh7 {[%clk
0:03:51]} 36. Rd8 {[%clk 0:10:20]} gxf4 {[%clk 0:03:59]} 37. Rxd5 {[%clk
0:08:42]} Qb1+ {[%clk 0:04:24]} 38. Rd1 {[%clk 0:09:03]} Qc2 {[%clk 0:04:49]} 39.
Bh4 {[%clk 0:36:02]} Bxc3 {[%clk 0:34:05]} 40. Rd6 {[%clk 0:31:55]} Be5 {[%clk
0:31:21]} 41. Qh5 {[%clk 0:26:09]} Qb1+ {[%clk 0:30:47]} 42. Kh2 {[%clk 0:26:23]}
f3+ {[%clk 0:26:58]} 43. Qxe5 {[%clk 0:24:44]} fxg2 {[%clk 0:27:26]} 44. Be1
{[%clk 0:18:32]} g1Q+ {[%clk 0:21:27]} 45. Kxg1 {[%clk 0:18:57]} Rg7+ {[%clk
0:21:49]} 46. Kh2 {[%clk 0:17:20]} Qxa2+ {[%clk 0:21:03]} 47. Bd2 {[%clk
0:16:44]} 1-0

[Event "Irena Warakomska Memorial 2019"]
[Site "Suwalki"]
[Date "2019.08.07"]
[Round "3"]
[White "Sadzikowski, Daniel"]
[Black "Punin, Andrii"]
[Result "1-0"]
[Board "8"]
[WhiteElo "2502"]
[WhiteTitle "GM"]
[WhiteCountry "POL"]
[WhiteFideId "1132253"]
[WhiteEloChange "3"]
[BlackElo "2342"]
[BlackTitle "FM"]
[BlackCountry "UKR"]
[BlackFideId "14112639"]
[BlackEloChange "-6"]

1. c4 {[%clk 1:30:48]} e6 {[%clk 1:30:54]} 2. Nc3 {[%clk 1:30:29]} d5 {[%clk
1:31:17]} 3. d4 {[%clk 1:30:56]} Nf6 {[%clk 1:31:40]} 4. cxd5 {[%clk 1:31:21]}
exd5 {[%clk 1:32:03]} 5. Bg5 {[%clk 1:31:47]} c6 {[%clk 1:32:23]} 6. e3 {[%clk
1:32:14]} Be7 {[%clk 1:32:45]} 7. Bd3 {[%clk 1:32:40]} Nbd7 {[%clk 1:33:01]} 8.
Nge2 {[%clk 1:32:51]} h6 {[%clk 1:33:17]} 9. Bh4 {[%clk 1:33:15]} Nh5 {[%clk
1:33:38]} 10. Bxe7 {[%clk 1:33:41]} Qxe7 {[%clk 1:34:00]} 11. Qd2 {[%clk
1:33:35]} Nb6 {[%clk 1:34:18]} 12. b3 {[%clk 1:30:18]} Bd7 {[%clk 1:33:20]} 13.
O-O {[%clk 1:30:30]} O-O {[%clk 1:33:44]} 14. Rae1 {[%clk 1:29:05]} Rae8 {[%clk
1:34:01]} 15. Bb1 {[%clk 1:26:48]} Qg5 {[%clk 1:30:49]} 16. Nf4 {[%clk 1:16:04]}
Nc8 {[%clk 1:19:41]} 17. Nxh5 {[%clk 1:14:48]} Qxh5 {[%clk 1:20:02]} 18. e4
{[%clk 1:15:17]} dxe4 {[%clk 1:19:01]} 19. Nxe4 {[%clk 1:15:16]} Qd5 {[%clk
1:11:26]} 20. Nc5 {[%clk 0:45:06]} b6 {[%clk 1:09:09]} 21. Qd3 {[%clk 0:41:25]}
g6 {[%clk 1:06:59]} 22. Ne4 {[%clk 0:41:33]} Kg7 {[%clk 1:05:32]} 23. Qg3 {[%clk
0:38:50]} Re7 {[%clk 0:55:33]} 24. Nc3 {[%clk 0:33:11]} Qg5 {[%clk 0:46:18]} 25.
Rxe7 {[%clk 0:33:19]} Qxe7 {[%clk 0:45:37]} 26. Qe5+ {[%clk 0:31:28]} Qxe5 {[%clk
0:44:24]} 27. dxe5 {[%clk 0:31:56]} f6 {[%clk 0:41:06]} 28. Rd1 {[%clk 0:32:07]}
Be6 {[%clk 0:41:09]} 29. Be4 {[%clk 0:31:37]} fxe5 {[%clk 0:39:47]} 30. Bxc6
{[%clk 0:31:43]} Ne7 {[%clk 0:39:34]} 31. Bd7 {[%clk 0:27:00]} Kf7 {[%clk
0:35:46]} 32. g4 {[%clk 0:18:52]} a6 {[%clk 0:29:01]} 33. Kg2 {[%clk 0:10:22]}
Bxd7 {[%clk 0:23:48]} 34. Rxd7 {[%clk 0:10:51]} Rc8 {[%clk 0:24:06]} 35. Nd5
{[%clk 0:05:51]} Ke6 {[%clk 0:24:28]} 36. Rxe7+ {[%clk 0:06:13]} Kxd5 {[%clk
0:24:52]} 37. Rh7 {[%clk 0:06:29]} h5 {[%clk 0:22:27]} 38. gxh5 {[%clk 0:06:32]}
gxh5 {[%clk 0:22:51]} 39. Rxh5 {[%clk 0:06:58]} Rc2 {[%clk 0:22:19]} 40. Rh6
{[%clk 0:37:18]} Rxa2 {[%clk 0:52:37]} 41. Rxb6 {[%clk 0:37:39]} e4 {[%clk
0:49:10]} 42. Kg3 {[%clk 0:28:41]} Rc2 {[%clk 0:46:16]} 43. h4 {[%clk 0:18:55]}
Rc3+ {[%clk 0:46:16]} 44. Kg2 {[%clk 0:19:23]} Rc2 {[%clk 0:44:56]} 45. Kf1
{[%clk 0:19:42]} Rc1+ {[%clk 0:41:43]} 46. Ke2 {[%clk 0:20:10]} Rh1 {[%clk
0:41:50]} 47. Rxa6 {[%clk 0:19:22]} Rxh4 {[%clk 0:40:42]} 48. Ra1 {[%clk
0:18:30]} Rh3 {[%clk 0:39:39]} 49. Rb1 {[%clk 0:18:22]} Rc3 {[%clk 0:37:19]} 50.
b4 {[%clk 0:15:42]} Kd4 {[%clk 0:34:31]} 51. Rb2 {[%clk 0:14:48]} Rh3 {[%clk
0:30:15]} 52. b5 {[%clk 0:14:40]} e3 {[%clk 0:29:58]} 53. b6 {[%clk 0:13:31]}
exf2 {[%clk 0:24:14]} 54. b7 {[%clk 0:13:26]} Rh1 {[%clk 0:23:32]} 55. Rb4+
{[%clk 0:13:29]} Kc5 {[%clk 0:23:24]} 56. Kxf2 {[%clk 0:13:22]} 1-0

[Event "Irena Warakomska Memorial 2019"]
[Site "Suwalki"]
[Date "2019.08.07"]
[Round "3"]
[White "Pavlov, Sergey"]
[Black "Wiewiora, Eneasz"]
[Result "1-0"]
[Board "11"]
[WhiteElo "2491"]
[WhiteTitle "IM"]
[WhiteCountry "UKR"]
[WhiteFideId "14114330"]
[WhiteEloChange "3"]
[BlackElo "2331"]
[BlackTitle "FM"]
[BlackCountry "POL"]
[BlackFideId "1140396"]
[BlackEloChange "-6"]

1. c4 {[%clk 1:30:57]} Nf6 {[%clk 1:29:46]} 2. Nc3 {[%clk 1:30:09]} d5 {[%clk
1:30:10]} 3. cxd5 {[%clk 1:29:56]} Nxd5 {[%clk 1:30:34]} 4. g3 {[%clk 1:30:00]}
g6 {[%clk 1:26:55]} 5. Bg2 {[%clk 1:30:15]} Nb6 {[%clk 1:27:19]} 6. Nf3 {[%clk
1:28:51]} Bg7 {[%clk 1:27:44]} 7. d4 {[%clk 1:28:58]} O-O {[%clk 1:28:07]} 8. O-O
{[%clk 1:28:46]} Nc6 {[%clk 1:28:32]} 9. e3 {[%clk 1:28:27]} e5 {[%clk 1:20:44]}
10. d5 {[%clk 1:26:38]} Nb4 {[%clk 1:09:12]} 11. e4 {[%clk 1:20:51]} c6 {[%clk
1:09:30]} 12. Qb3 {[%clk 1:03:09]} Na6 {[%clk 1:07:37]} 13. Bg5 {[%clk 1:02:22]}
Qe8 {[%clk 0:57:40]} 14. Be3 {[%clk 0:54:19]} c5 {[%clk 0:46:51]} 15. a4 {[%clk
0:48:30]} f5 {[%clk 0:33:45]} 16. a5 {[%clk 0:39:48]} Nd7 {[%clk 0:25:39]} 17.
d6+ {[%clk 0:30:43]} Kh8 {[%clk 0:25:51]} 18. Nd5 {[%clk 0:30:29]} Nf6 {[%clk
0:21:43]} 19. exf5 {[%clk 0:28:13]} Nxd5 {[%clk 0:19:48]} 20. Qxd5 {[%clk
0:28:33]} e4 {[%clk 0:17:00]} 21. f6 {[%clk 0:25:10]} Bxf6 {[%clk 0:13:18]} 22.
Ng5 {[%clk 0:24:04]} Bxb2 {[%clk 0:13:41]} 23. Rad1 {[%clk 0:21:52]} Nb4 {[%clk
0:09:20]} 24. d7 {[%clk 0:18:52]} Nxd5 {[%clk 0:09:29]} 25. dxe8Q {[%clk
0:19:11]} Rxe8 {[%clk 0:09:54]} 26. Rxd5 {[%clk 0:19:29]} b6 {[%clk 0:09:12]} 27.
Rb1 {[%clk 0:17:48]} Bg7 {[%clk 0:09:37]} 28. Nf7+ {[%clk 0:16:21]} Kg8 {[%clk
0:10:06]} 29. Nd6 {[%clk 0:16:34]} Re7 {[%clk 0:09:09]} 30. Bxe4 {[%clk 0:13:50]}
Rxe4 {[%clk 0:06:35]} 31. Nxe4 {[%clk 0:13:42]} Bb7 {[%clk 0:06:33]} 32. Rbd1
{[%clk 0:13:12]} Bxd5 {[%clk 0:06:41]} 33. Rxd5 {[%clk 0:13:34]} Rc8 {[%clk
0:06:05]} 34. Rd7 {[%clk 0:11:02]} c4 {[%clk 0:06:04]} 35. Nd6 {[%clk 0:10:58]}
1-0